Nové aspekty ochrany eura proti padělání

Pristúpením Českej republiky k Európskej únii k 1. máju 2004 nadobúda účinnosť Nariadenie Rady č. ES 1338/2001, ktorým sa stanovuje opatrenie nevyhnutné na ochranu eura proti falšovaniu. Toto nariadenie je súčasťou tzv. európskeho menového štatútu, ktorý vznikol po zavedení jednotnej meny euro. Pohľ...

Ausführliche Beschreibung

Gespeichert in:
Bibliographische Detailangaben
1. Verfasser: Tomášek, Michal
Format: Buchkapitel
Sprache:Tschechisch
Schlagworte:
Tags: Tag hinzufügen
Keine Tags, Fügen Sie das erste Tag hinzu!

MARC

LEADER 00000naa$a2200000$$$4500
001 0008920
005 20231010083044.5
041 0 |a cze 
044 |a CZ 
245 1 0 |a Nové aspekty ochrany eura proti padělání  |c aut. Michal Tomášek 
520 |a Pristúpením Českej republiky k Európskej únii k 1. máju 2004 nadobúda účinnosť Nariadenie Rady č. ES 1338/2001, ktorým sa stanovuje opatrenie nevyhnutné na ochranu eura proti falšovaniu. Toto nariadenie je súčasťou tzv. európskeho menového štatútu, ktorý vznikol po zavedení jednotnej meny euro. Pohľad českého práva na ochranu eura. Posilňovanie ochrany eura proti falšovaniu trestnými sankciami. Celokomunitárne opatrenia k ochrane jednotnej meny. 
610 2 0 |a euro 
610 2 0 |a mena 
610 2 0 |a Európska únia 
610 2 0 |a smernice 
610 2 0 |a Česko 
610 2 0 |a opatrenia 
610 2 0 |a peniaze 
610 2 0 |a falzifikáty 
100 1 |a Tomášek, Michal